| 000 | 01320nam a2200217Ia 4500 | ||
|---|---|---|---|
| 999 |
_c40349 _d40349 |
||
| 003 | OSt | ||
| 005 | 20210824152607.0 | ||
| 008 | 160316s2015 xxu||||| |||| 00| 0 eng d | ||
| 020 | _a9781783484201 | ||
| 040 | _cN | ||
| 082 |
_a325.400000 _bSCH |
||
| 100 | _aSchnyder Melissa | ||
| 245 | _aActivism, NGOs, and the state : Multilevel responses to immigration politics in Europe | ||
| 260 |
_aLondon _bBrownman & Littlefield _c2015 |
||
| 300 |
_a209p _cxiii |
||
| 365 | _b Rs. 2,579 | ||
| 505 | _aTable of contents List of Tables; List of Abbreviations; Acknowledgements; 1. The Nation-State and NGO Political Activity; 2. Domestic Opportunities and Constraints; 3. Cooperation along Two Dimensions: Public Visibility and Intensity of Commitment; 4. Asymmetries within the Movement: The Provision and Receipt of Less Publicly Visible Movement "Goods"; 5. Cooperation within the State: Publicly Visible Campaigns and Common Projects; 6. Cooperation beyond the State: Transnational Activism in the Public Realm; 7. Political Opportunity Structures and NGO Activism: Toward a More Complete Understanding; Data Appendix; Notes; References; Index | ||
| 650 | _a1. Non-Governmental Organizations2. European Union Countries3. Emigration & Immigration - Government Policy | ||
| 700 |
_a _a |
||
| 942 |
_2ddc _cBK |
||